Περιγραφή της εικόνας της πόλης : τα περιγράμματα : βασικά στοιχεία προσδιορισμού της φυσιογνωμίας των τόπων
Αποθηκεύτηκε σε:
| Κύριος συγγραφέας: | |
|---|---|
| Άλλοι συγγραφείς: | |
| Μορφή: | Βιβλίο |
| Γλώσσα: | Greek |
| Δημοσίευση: |
Αθήνα :
Πανεπιστημιακές εκδόσεις Ε.Μ.Π.,
1999.
|
| Θέματα: | |
| Ετικέτες: |
Προσθήκη ετικέτας
Δεν υπάρχουν, Καταχωρήστε ετικέτα πρώτοι!
|
MARC
| LEADER | 00000cam a2200000 i 4500 | ||
|---|---|---|---|
| 001 | 1/85288 | ||
| 008 | 050914s1999 gr | ||| |||| ||gre|| | ||
| 020 | |a 9602545461 | ||
| 035 | |l 10080240 | ||
| 040 | |a GR-MyUa |b gre |e AACR2 | ||
| 041 | 0 | |a gre | |
| 082 | 7 | |a 711.4 |2 (22) | |
| 100 | 1 | |a Στεφάνου, Ιουλία. | |
| 245 | 1 | 0 | |a Περιγραφή της εικόνας της πόλης : |b τα περιγράμματα : βασικά στοιχεία προσδιορισμού της φυσιογνωμίας των τόπων / |c Ιουλία Στεφάνου-Ιωσήφ Στεφάνου. |
| 260 | |a Αθήνα : |b Πανεπιστημιακές εκδόσεις Ε.Μ.Π., |c 1999. | ||
| 300 | |a 270 σ. : |b εικ. (μερικές έγχρ.) ; |c 23 εκ. | ||
| 504 | |a Βιβλιογραφία: σ. 257-266. | ||
| 650 | 0 | |a City planning. | |
| 650 | 0 | |a Space (Architecture) | |
| 650 | 0 | |a Harmony (Aesthetics) | |
| 700 | 1 | |a Στεφάνου, Ιωσήφ. | |
| 852 | |a INST |b SYROS |e 20050914 |h 711.4 ΣΤΕ |p 005500005293 |q 005500005293 |t BK |y 0 | ||
| 901 | |a BIBL5-2007-3 | ||
| 920 | |a ΔΙΕΥΡΥΝΣΗ |b ΕΠΕΑΕΚ-ΤΜΣΠΣ |y Σύρος |z 2004-10 | ||
| 970 | |a Καγιαβά |b Ειρήνη |z 10/09/2007 | ||